000 00526nam a2200193Ia 4500
005 20260429112034.0
008 260429s9999||||xx |||||||||||||| ||und||
020 _a9781804892275
041 _aEnglish
082 _a343.099
_bSUT
100 _aSutherland, Hazel
245 0 _aCyber law /
_cHazel Sutherland
260 _aUnited Kingdom :
_bBrilliant Publication Ltd. ,
_c2025.
300 _axii, 321 p.; hb
650 _a Digital rights
650 _a Information technology law
650 _aCyber law
942 _cTB
999 _c52026
_d52026